| 000 | 00537nam a2200217Ia 4500 | ||
|---|---|---|---|
| 008 | 101110s9999 xx 000 0 und d | ||
| 041 | _aENGLISH | ||
| 082 | _bSR33528 | ||
| 100 | _aBhattacharya S.S. | ||
| 245 | _aZoology Vol. III SYBSc | ||
| 260 |
_c2010 _bSheth publishers, Mumbai |
||
| 300 | _a293 | ||
| 365 | _b170 | ||
| 520 | _aBiology/Zoology | ||
| 546 | _aENGLISH | ||
| 630 | _aZoology Vol. III SYBSc | ||
| 650 | _aBiology/Zoology | ||
| 655 | _aBiology/Zoology | ||
| 730 | _aZoology Vol. III SYBSc | ||
| 942 | _cBOOK | ||
| 999 |
_c826029 _d826026 |
||